Libertades de expresión e información y medios de comunicación (Record no. 14441)

MARC details
000 -LEADER
campo de control de longitud fija 01153nam a2200277 i 4500
001 - NÚMERO DE CONTROL
campo de control 14441
003 - IDENTIFICADOR DE NÚMERO DE CONTROL
campo de control ES-MaACL
005 - FECHA Y HORA DE LA ÚLTIMA TRANSACCIÓN
campo de control 20230906150819.0
007 - CAMPO FIJO DE DESCRIPCIÓN FÍSICA--INFORMACIÓN GENERAL
campo de control de longitud fija t|
008 - DATOS DE LONGITUD FIJA--INFORMACIÓN GENERAL
campo de control de longitud fija 990311s1998 sp ||||1| spa d
020 ## - NÚMERO INTERNACIONAL ESTÁNDAR DEL LIBRO
Número Internacional Estándar del Libro 84-8410-034-0
080 ## - NÚMERO DE LA CLASIFICACIÓN DECIMAL UNIVERSAL
Número de la Clasificación Decimal Universal 351.751(460)"19"(094.9)
080 ## - NÚMERO DE LA CLASIFICACIÓN DECIMAL UNIVERSAL
Número de la Clasificación Decimal Universal 342.727(460)"19"(094.9)
100 1# - ENTRADA PRINCIPAL--NOMBRE DE PERSONA
Nombre de persona Bastida Freijedo, Francisco J.
9 (RLIN) 26370
245 10 - MENCIÓN DEL TÍTULO
Título Libertades de expresión e información y medios de comunicación
Resto del título : (prontuario de jurisprudencia constitucional) : 1981-1998 /
Mención de responsabilidad, etc. Francisco J. Bastida Freijedo, Ignacio Villaverde Menéndez.
260 ## - PUBLICACIÓN, DISTRIBUCIÓN, ETC.
Lugar de publicación, distribución, etc. Pamplona :
Nombre del editor, distribuidor, etc. Aranzadi,
Fecha de publicación, distribución, etc. [1998]
300 ## - DESCRIPCIÓN FÍSICA
Extensión 308 p. ;
Dimensiones 23 cm.
490 1# - MENCIÓN DE SERIE
Mención de serie Cuadernos Aranzadi del Tribunal Constitucional ;
Designación de volumen o secuencia 1
650 14 - PUNTO DE ACCESO ADICIONAL DE MATERIA--TÉRMINO DE MATERIA
Término de materia o nombre geográfico como elemento de entrada Libertad de expresión-
Subdivisión cronológica España-
Subdivisión de forma Jurisprudencia.
9 (RLIN) 14407
650 14 - PUNTO DE ACCESO ADICIONAL DE MATERIA--TÉRMINO DE MATERIA
Término de materia o nombre geográfico como elemento de entrada Libertad de información-
Subdivisión geográfica España-
Subdivisión de forma Jurisprudencia.
9 (RLIN) 14411
650 14 - PUNTO DE ACCESO ADICIONAL DE MATERIA--TÉRMINO DE MATERIA
Término de materia o nombre geográfico como elemento de entrada Medios de comunicación social-
Subdivisión geográfica España-
Subdivisión de forma Jurisprudencia.
9 (RLIN) 14974
700 1# - ENTRADA AGREGADA--NOMBRE PERSONAL
Nombre de persona Villaverde Menéndez, Ignacio.
9 (RLIN) 115186
830 0# - PUNTO DE ACCESO ADICIONAL DE SERIE-TÍTULO UNIFORME
Título uniforme Cuadernos Aranzadi del Tribunal Constitucional ;
Designación de volumen o secuencia 1
9 (RLIN) 179704
852 ## - LOCALIZACIÓN
Ubicación ES-MaACL
Número de control de estantería L-21641
Sublocalización o colección R.127048
Holdings
Estatus retirado Estado de pérdida Estado de daño No para préstamo Biblioteca de origen Biblioteca actual Ubicación en estantería Fecha de adquisición Fuente de adquisición Total de préstamos Signatura topográfica completa Código de barras Visto por última vez Precio de reemplazo Tipo de ítem Koha
        Biblioteca del Ateneo de Madrid Biblioteca del Ateneo de Madrid Depósito 2 17/01/2008     L-21641 1014689 23/02/2023 23/02/2023 Libro impreso